Cricket Multiple Choice Quiz - Statistics

General Stats
  • This quiz has been taken 1,642 times
  • The average score is 9 of 10
Answer Stats
Question Answer % Correct
Which of these countries does not play cricket test cricket ? Brazil
98%
What is the full form of LBW ? Leg Before Wicket
97%
How many Players are there in a Cricket team ? 11
96%
How Many runs are awarded to the batting team on a wide ? 1
95%
Which teams is The Ashes series played between ? England and Australia
95%
What are the 3 vertical Sticks behind the batsmen called ? stumps
93%
What is the colour of the ball in 20 overs format ? White
91%
How Many formats are there in Cricket ? 3
78%
Which of these Teams has never Won the World Cup ? New Zealand
75%
How many Times has India won the world cup ? 2
63%
No matching quizzes found
Score Distribution
Percent of People with Each Score
Percentile by Number Answered
Your Score History
You have not taken this quiz